000 00964nam a22002657a 4500
003 KOHA_MİRAKIL
005 20260413114642.0
008 260408b tu ||||| |||| 00| 0 tur d
020 _a9755332294
040 _aTR-AnABB
_btur
_cTR-AnABB
041 _atur
082 _a306.09567
_bOZE 1998
100 1 _aÖzer, Ahmet
245 1 0 _aModernleşme ve Güneydoğu /
_cAhmet Özer
250 _a1. baskı
260 _aAnkara :
_bİmge Kitabevi,
_c1998
300 _a438 sayfa ;
_c20 cm
504 _aKaynakça vardır
505 _aİçindekiler: GAP Projesinin genel durumu - Bölgenin toplumsal yapısı ve GAP - Modernleşme kuramları açısından GAP - Geçiş sürecinde yeni kurum ve sorunlar - GAP'ın etkileri ve gelenekçi yapı
650 0 4 _aSosyal durum
650 0 4 _aSosyal durum, Güneydoğu Anadolu Bölgesi
650 0 4 _aToplumsal değişim, Türkiye
900 _bCan ÇELIK
942 _2ddc
_cBK
999 _c10195
_d10195